Las democracias (Registro nro. 7087)
[ vista simple ]
| 000 -LEADER | |
|---|---|
| fixed length control field | 01268 a2200217 4500 |
| 001 - CONTROL NUMBER | |
| control field | 60631 |
| 005 - DATE AND TIME OF LATEST TRANSACTION | |
| control field | 20260407155858.0 |
| 008 - FIXED-LENGTH DATA ELEMENTS--GENERAL INFORMATION | |
| fixed length control field | 260407a1990 arg spa d |
| 003 - CONTROL NUMBER IDENTIFIER | |
| control field | AR-UNSa-BCEJYS |
| 040 ## - CATALOGING SOURCE | |
| Original cataloging agency | AR-UNSa-BCEJYS |
| Language of cataloging | spa |
| Transcribing agency | AR-UNSa-BCEJYS |
| 080 ## - UNIVERSAL DECIMAL CLASSIFICATION NUMBER | |
| Universal Decimal Classification number | 321.7 |
| Common auxiliary subdivision | Democracia |
| 020 ## - INTERNATIONAL STANDARD BOOK NUMBER | |
| International Standard Book Number | 978-84-344-1093-0 |
| 041 ## - LANGUAGE CODE | |
| Language code of text/sound track or separate title | spa |
| 100 1# - MAIN ENTRY--PERSONAL NAME | |
| Personal name | Requejo Coll, Ferran |
| 245 10 - TITLE STATEMENT | |
| Title | Las democracias |
| Name of part/section of a work | Democracia antigua, democracia liberal y estado de bienestar |
| 264 #1 - PRODUCTION, PUBLICATION, DISTRIBUTION, MANUFACTURE, AND COPYRIGHT NOTICE | |
| Place of production, publication, distribution, manufacture | Barcelona : |
| Name of producer, publisher, distributor, manufacturer | Ariel |
| Date of production, publication, distribution, manufacture, or copyright notice | 1990 |
| 300 ## - PHYSICAL DESCRIPTION | |
| Extent | 258 p. |
| Dimensions | 21 cm. |
| 505 ## - FORMATTED CONTENTS NOTE | |
| Formatted contents note | Parte I: La democracia en la Grecia clásica: 1. El período arcaico. Siglos VIII-VI a.C – 2. Las reformas democratizadoras del siglo VI en Atenas – 3. La democracia ateniense durante las Guerras Médicas y el periodo perícleo – 4. La crisis de la democracia ateniense en la Guerra del Peloponeso. Las concepciones políticas de la segunda sofistica – Parte II: Las democracias contemporáneas: 5. Democracia antigua y democracia contemporánea – 6. Democracia liberal, capitalismo y socialismo – 7. Democracia liberal y ciencia política – 8. Las democracias liberal-sociales – 9. Tipologías, condiciones sociales y transiciones democráticas |
| 590 ## - LOCAL NOTE (RLIN) | |
| Local note | niveau_biblio:m niveau_hierar:0 |
| 942 ## - ADDED ENTRY ELEMENTS (KOHA) | |
| Koha item type | |
| Withdrawn status | Lost status | Damaged status | Not for loan | Home library | Current library | Shelving location | Date acquired | Total checkouts | Full call number | Barcode | Date last seen | Price effective from | Koha item type |
|---|---|---|---|---|---|---|---|---|---|---|---|---|---|
| Biblioteca Prof. Eusebio Cleto del Rey | Biblioteca Prof. Eusebio Cleto del Rey | 07/04/2026 | 321.7 R427 | L129279 | 07/04/2026 | 07/04/2026 | Libro |